| 000 | 00483nmm a2200169Ia 4500 | ||
|---|---|---|---|
| 008 | 251105s9999||||xx |||||||||||||||||und|| | ||
| 020 | _a9788497433495 | ||
| 041 | _aspa | ||
| 100 | _aPrat i Pons, Ramon | ||
| 245 | 0 |
_aEl hilo de la vida : _b Quince imágenes de libertad |
|
| 264 |
_a[Madrid, España] : _bMilenio, _c2009 |
||
| 300 | _a301 páginas | ||
| 490 | _aEnsayo Milenio | ||
| 650 | _aReligion(s) | ||
| 856 | _uhttps://public.digitaliapublishing.com/a/6396 | ||
| 942 | _cCF | ||
| 999 |
_c90524 _d90524 |
||